000 00516nam a2200181Ia 4500
008 100920s9999 xx 000 0 und d
082 _b74546
_a24 थ 99
100 _aवैदय सुरेश.
245 _aनकळत.
260 _bश्रीस्वामी पब्लिकेशन्स, पुणे.
_c1999
300 _a160
_bसाधी
365 _b125
520 _aसायो.
630 _aनकळत.
650 _aसायो.
730 _aनकळत.
942 _cBOOK
999 _c716136
_d716133